WNBA Top 25 All-Time: Free Throw Percentage - Statistics

General Stats
  • This quiz has been taken 9 times
    5 since last reset
  • The average score is 7 of 25
Answer Stats
# Player FT% % Correct
14 Diana Taurasi 87.00%
100%
20 Arike Ogunbowale 86.15%
75%
24 Maya Moore 85.99%
75%
17 Chelsea Gray 86.60%
50%
13 Cynthia Cooper 87.13%
50%
1 Elena Delle Donne 93.70%
50%
8 Jewell Loyd 88.25%
50%
7 Kelsey Plum 88.31%
50%
11 Tiffany Mitchell 87.93%
50%
3 Becky Hammon 89.68%
25%
4 Kayla McBride 89.58%
25%
15 Penny Taylor 86.84%
25%
19 Riquna Williams 86.25%
25%
2 Sabrina Ionescu 90.52%
25%
5 Allie Quigley 89.28%
0%
21 Danielle Robinson 86.12%
0%
18 Epiphanny Price 86.46%
0%
16 Janeth Arcain 86.70%
0%
6 Kara Lawson 88.98%
0%
12 Kristi Toliver 87.90%
0%
9 Nicole Powell 88.18%
0%
10 Shatori Walker-Kimbrough 88.07%
0%
22 Shenise Johnson 86.06%
0%
23 Sophie Cunningham 86.05%
0%
25 Stefanie Dolson 85.96%
0%
No matching quizzes found
Score Distribution
Percent of People with Each Score
Percentile by Number Answered
Your Score History
You have not taken this quiz since the last reset